Domenico Scarlatti

Guardat en:
Dades bibliogràfiques
Autor principal: Kirkpatrick, Ralph (Autor)
Format: Llibre
Idioma:anglès
Publicat: Nueva York Thomas Y. Crowell 1968
Matèries:
Etiquetes: Afegir etiqueta
Sense etiquetes, Sigues el primer a etiquetar aquest registre!

MARC

LEADER 00000nam a2200000 a 4500
001 UCN2202
003 CL-VaPUC
008 010511e19680000US |||||||||||||||||eng|d
082 0 4 |a 780.92  |b KIR  |2 21 
100 0 |a Kirkpatrick, Ralph  |e author  |9 457921 
245 1 0 |a Domenico Scarlatti 
300 |a 485 p 
942 |c BK 
945 |d 20010511 00:00:00  |a crobeson 
260 |a Nueva York  |b Thomas Y. Crowell  |c 1968 
600 0 |a Scarlatti, Domenico  |d 1685-1757  |e compositor  |9 457922 
650 0 |a Compositores italianos  |9 329309 
650 7 |a MUSICOS ITALIANOS  |2 CL-VaPUC  |9 457923 
650 0 |a Música, siglo 18  |9 342407 
583 |a last modification  |c 20010511 00:00:00  |k Rodrigo Vera 
999 |c 295360  |d 295358 
952 |0 0  |1 0  |4 0  |6 780_920000000000000_KIR_1968  |7 0  |8 A  |9 348349  |a BIBEDU  |b BIBEDU  |d 2019-11-20  |i 118217K  |o 780.92 KIR 1968  |p 118217K  |r 2023-01-12  |w 2019-11-20  |y BK  |k MUS 
952 |0 0  |1 0  |4 0  |6 780_920000000000000_KIR_1968  |7 0  |8 A  |9 348350  |a BIBEDU  |b BIBEDU  |d 2019-11-20  |i 1182188  |o 780.92 KIR 1968  |p 1182188  |r 2022-01-17  |w 2019-11-20  |y BK  |k MUS